000 003710000a22001570004500
020 _a0-439-45525-1
082 0 4 _aM369i
100 1 _aMarzollo Dan
245 1 0 _aI spy pirate treasure / Dan Marzollo ; ilustrado por Ward Yoshimoto
260 _aUSA : Scholastic
300 _a24 P.
440 0 _aI spy
650 1 4 _aCuento Contemporaneo
001 2077
942 _cLGB
999 _c49225
_d49225